000
00310nam a2200133Ia 4500
005
20251222155114.0
008
251222s9999||||xx |||||||||||||| ||spa||
082
_a
ETI.106
100
_a
VARGAS TIZON,Virginia.
245
0
_a
Etica para Enfermeras
250
_a
1ra. ed.
264
_b
Publi Unas
942
_c
LIB
999
_c
38161
_d
38161